Povídky malostranské /
Jan Neruda (*9. července 1834 - †22. srpna 1891) Malostranské povídky Jana Nerudy - sbírka povídek, které původně vycházely samostatně v časopisech jako Květy, Podřipan, Lumír či Národní listy - knižně vyšly poprvé společně v roce 1877. Dodnes jsou považovány za jedno z nejvýznamnějších literárních...
Uloženo v:
| Hlavní autor: | |
|---|---|
| Další autoři: | |
| Médium: | E-audiokniha |
| Vydáno: |
Praha :
Supraphon a.s.,
2015
|
| Tagy: |
Žádné tagy |
| LEADER | 02866nim a22003377i 4500 | ||
|---|---|---|---|
| 001 | 313348 | ||
| 007 | sr nunnnnnnned | ||
| 024 | |a 099925705428 | ||
| 044 | |a xr | ||
| 100 | 1 | |a Neruda, Jan |4 aut | |
| 245 | 1 | 0 | |a Povídky malostranské / |c Neruda, Jan |
| 264 | 1 | |a Praha : |b Supraphon a.s., |c 2015 | |
| 300 | |a 1 online zdroj (2 hod., 59 min., 0 sek.) | ||
| 336 | |a mluvené slovo |b spw |2 rdacontent | ||
| 337 | |a audio |b s |2 rdamedia | ||
| 338 | |a online zdroj |b cr |2 rdacarrier | ||
| 505 | 0 | 0 | |t Vecerni splechty (29 min., 56 sek.) |
| 505 | 0 | 0 | |t Psano o letosnich Dusickach (31 min., 3 sek.) |
| 505 | 0 | 0 | |t Pan Rysanek a pan Schlegl (25 min., 4 sek.) |
| 505 | 0 | 0 | |t Jak si nakouril pan Vorel penovku (14 min., 36 sek.) |
| 505 | 0 | 0 | |t Hastrman (16 min., 57 sek.) |
| 505 | 0 | 0 | |t Doktor Kazisvet (18 min., 37 sek.) |
| 505 | 0 | 0 | |t O mekkem srdci pani Rusky (13 min., 16 sek.) |
| 505 | 0 | 0 | |t Privedla zebraka na mizinu (22 min., 28 sek.) |
| 505 | 0 | 0 | |t U tri lilii (6 min., 54 sek.) |
| 520 | 2 | |a Jan Neruda (*9. července 1834 - †22. srpna 1891) Malostranské povídky Jana Nerudy - sbírka povídek, které původně vycházely samostatně v časopisech jako Květy, Podřipan, Lumír či Národní listy - knižně vyšly poprvé společně v roce 1877. Dodnes jsou považovány za jedno z nejvýznamnějších literárních děl české literatury. Náměty k nim čerpal Jan Neruda ze svého dětství a dospívání na Malé Straně. Mistrně v nich zobrazoval svérázný charakter této pražské čtvrti, zdánlivě klidný každodenní život zdejších měšťanů i prostých obyvatel, přesvědčivě zachytil atmosféru Malé Strany 19. století. Pražské prostředí je pro Nerudu symbolem českého životního stylu, zároveň ale vidí kriticky projevy maloměšťáctví, odsuzuje morálku českého maloměšťáka a jeho předsudky. Přesto Neruda v Povídkách malostranských skládá básnický hold své milované Praze. Digitální podoba titulu vydaného původně v roce 1957 pod kat.číslem XM 60001-3, jehož obal se v archivu Supraphonu nezachoval, proto jsme použili titulní stranu zkráceného vydání z roku 1984 pod kat.č. 1218 0641), Titul obsahuje následující povídky v nezapomenutelné interpretaci Zdeňka Štěpánka: Večerní šplechty Psáno o letošních Dušičkách Pan Ryšánek a pan Schlegl Jak si nakouřil pan Vorel pěnovku Hastrman Doktor Kazisvět O měkkém srdci paní Rusky Přivedla žebráka na mizinu U tří lilií | |
| 700 | 1 | |a Štěpánek, Zdeněk |4 nrt | |
| 910 | |a RBIT002 | ||
| 998 | |d 403801 |a https://core.palmknihy.cz/api/books/403801/cover?scgr3x |b https://core.palmknihy.cz/api/books/403801/cover/400?scgr3x |c https://core.palmknihy.cz/api/books/403801/cover/50?scgr3x |e 2099-01-01 |i 099925705428 |l 10740 |q 49 |r 1 |s https://www.palmknihy.cz/kniha/403801 |t audiobook |y 2015 |z 1 | ||
| 999 | |d 313346 | ||